Normal view
MARC view
Entry Geographic Name
001 - CONTROL NUMBER
- control field: 251925
003 - CONTROL NUMBER IDENTIFIER
- control field:
005 - DATE AND TIME OF LATEST TRANSACTION
- control field: 20210601205239.0
008 - FIXED-LENGTH DATA ELEMENTS
- fixed length control field: 210601|| aca||aabn | a|a d
040 ## - CATALOGING SOURCE
- Original cataloging agency:
- Transcribing agency:
151 ## - HEADING--GEOGRAPHIC NAME
- Geographic name: Germany
- General subdivision: Kings and rulers
- General subdivision: Biography
670 ## - SOURCE DATA FOUND
- Source citation: Work cat.: (): Hubatsch, Walther, 1915- 251922, Frederick the great of prussia :, c1975
